| 000 | 00472nam a2200121Ia 4500 | ||
|---|---|---|---|
| 008 | 160712s9999 xx 000 0 und d | ||
| 100 | _aBawagan, Aleli B. | ||
| 245 |
_cAleli B. Bawagan, _aParticipation of Farmer Leaders in Local and National Governance Structures: Will it Work? |
||
| 260 |
_c2013 _bPhilippine Journal of Social Development |
||
| 300 | _avol. 5 | ||
| 650 | _xSOCIAL DEVELOPMENT | ||
| 856 | _uhttp://journals.upd.edu.ph/index.php/pjsd/issue/view/415/showToc | ||
| 999 |
_c297376 _d297376 |
||